| 000 | 00773nam a2200229 i 4500 | ||
|---|---|---|---|
| 001 | 34713 | ||
| 003 | ES-MaACL | ||
| 005 | 20230906155001.0 | ||
| 007 | t| | ||
| 008 | 030207s1947 mx ||||1| spa d | ||
| 100 | 1 |
_aBoas, Franz. _929633 |
|
| 245 | 1 | 3 |
_aEl arte primitivo / _cFranz Boas ; versión española de Adrián Recinos. |
| 250 | _a[1ª ed. en español]. | ||
| 260 |
_aMéxico, etc. : _bFondo de Cultura Económica, _c[1947] ( _fGráf. Panamericana) |
||
| 300 |
_a367 p., 1 lám. : _bil. ; _c24 cm. |
||
| 490 | 1 | _aSección de obras de antropología | |
| 700 | 1 |
_aRecinos, Adrián. _995759 |
|
| 710 | 2 |
_aFondo de Cultura Económica. _94141 |
|
| 830 | 0 |
_aSección de obras de antropología _9179904 |
|
| 852 |
_aES-MaACL _jA-177 _bR.28682 |
||
| 999 |
_c34713 _d34713 |
||